Quizzes
Events
Quiz Creation
Community
Videos
Private Events
Remove Ads
Sign In
Join for FREE
Feedback
Dark Mode
Quiz Categories
Sports
Geography
Music
Movies
Television
Just For Fun
Miscellaneous
History
Literature
Language
Science
Gaming
Entertainment
Religion
Holiday
For Kids
Quiz Lab
Recent
Popular Today
Quiz Kudos Today
Editor Picks
Curator Picks
Quizzes by...
Day
Popularity
Type
Ratings
Length
Year
Community
Subscriptions
Recent Discussions
Orange Saloon
Badges
Playlists
Quests
Create
Leaderboards
Showdown
Live 5
Trivia Bingo
Activity
Puzzle Library
Sporcle Events
Private Events
Virtual Trivia
Globe League
Become a Host
Pub Owners
SporcleCon
Opinionation
Our Games
Videos
Blog
Mobile Apps
Partnerships
Remove Ads and Go Orange
Feedback
Music
Pop Music
The Beatles
Song
Album
Lyrics
Bands
Singers
Artist
Clip
Rock
Rap
Classical
Billboard
Country Music
Kpop
Taylor Swift
Music
Pop Music
The Beatles
Song
Album
Lyrics
Bands
Singers
Artist
Clip
Rock
Rap
Classical
Billboard
Country Music
Kpop
Taylor Swift
Random Quiz
Search Sporcle
×
Quiz Lab
Quiz Lab
Music
Album
Type in answers that appear in a list
Type in answers that appear in a list
Classic
Best Score? Go Orange.
Owl City Songs Stats
Can you name the entire back catalogue of Owl City songs??
By
domnomnom
12m
38 Questions
298 Plays
298 Plays
298 Plays
Comments
Comments
Give Quiz Kudos
Give Quiz Kudos
-
- Ratings
hide this ad
Replay
Link that replays current quiz
Next Quiz
Link to next quiz in quiz playlist
You Got
0%
They Got
Avg Score
54%
Avg Friend Score
Upgrade to see
Score Distribution
Jump to the score distribution portion of the page
Score
0/38
Timer
12:00
0
Plays Today
Album
Song
% Correct
Fireflies
90.6%
Maybe I'm Dreaming
Hello Seattle
82.6%
Hello Seattle
82.6%
Ocean Eyes
Cave In
74.5%
The Saltwater Room
73.8%
The Saltwater Room
73.5%
The Bird and the Worm
70.1%
On the Wing
66.8%
Panda Bear
65.8%
Dental Care
64.1%
Umbrella Beach
63.8%
Rainbow Veins
62.4%
Strawberry Avalanche
62.4%
Meteor Shower
60.4%
Hot Air Balloon
60.4%
Fuzzy Blue Lights
60.1%
Tidal Wave
60.1%
The Tip of the Iceberg
58.1%
Captains and Cruise Ships
54%
Album
Song
% Correct
Designer Skyline
52.7%
The Technicolor Phase
52.7%
If My Heart Was A House
52.3%
West Coast Friendship
51.7%
Dear Vienna
49.7%
The Airway
49.3%
Early Birdie
48.7%
Of June
Swimming in Miami
47.7%
Air Traffic
45.6%
Super Honeymoon
43.3%
Sky Diver
42.6%
Sunburn
41.9%
This Is the Future
40.3%
Rugs From Me to You
40.3%
I'll Meet You There
39.6%
Butterfly Wings
37.2%
Others
The Christmas Song
33.6%
Hello Seattle (Remix)
18.8%
Vanilla Twlight
8.7%
Quiz Playlist
Details
Report
Send in Message
Add To Playlist
Classic:
Type in answers that appear in a list
Last Updated: Feb 16, 2017
Quiz Scoreboard
CHALLENGE
Sign Up to Join the Scoreboard
Show All
Scores
Hide
Comments
May contain spoilers
Recently Published
Decade Duel: World Leaders
by jenniferyan
History
4m
Alphabetical 'K' Countries by Flag Minefield
by ylime102
Geography
3m
Pick 6: Fruits
by JohnFran
Miscellaneous
15s
More to Explore
Quiz From the Vault
Featured Blog Post
15 Basketball Trivia Facts You Can Be March Mad About
hide this ad
You Might Also Like...
Tags
Album Quiz
City Quiz
Song Quiz
catalogue
entire
Owl
Owl City
Today's Top Quizzes in Music
Browse Music
hide this ad
Today's Top Quizzes in Album
Browse Album
Top Contributed Quizzes in Music
1
Taylor Swift All Songs (2024)
2
A Taylor Swift Logic Puzzle
3
KPOP LOGIC QUIZ
4
Taylor Swift Logic Puzzle
5
Guess the Taylor Swift song (Mystery Song)
6
Guess The Taylor Swift Lyrics Song #1
7
Kpop murder mystery 1
8
kpop group name match up
9
K-Pop : 100 Debut Songs (Part 1 of 3)
10
K-Pop Murder Mystery Logic Quiz
Explore More
Trending Topics
Marvel
Crossword
Disney
NBA
Kpop
Anime
Harry Potter
Soccer
Puzzle
WWE
Pokémon
The Office
NFL
Song
Country
hide this ad
More By:
domnomnom
Quiz
Plays
Rating
Category
Featured
Created
Owl City Songs
298
2.75
Music
Feb 17, 2010
Go to Creator's Profile
Score Distribution
Quiz Creator Spotlight
domnomnom
Follow
Send a Message
Quizzes Created
-
Created Quiz Play Count
-
More By This Creator
Popular Quizzes Today
1
Countries of Asia Without Outlines Minefield
2
Find the US States - No Outlines Minefield
3
Pick 6: Fruits
4
Alphabetical 'K' Countries by Flag Minefield
5
The Countries of the World
6
Find the Countries of Europe - No Outlines Minefield
7
Find the US States
8
US States
More Music Quizzes
Artist by Popular Spotify Songs XVIII
Published
Trending Quizzes
Pick 6: Mountains
Pick 6: Harry Potter
Pick 6: Flags
Pick 6: NFL Teams
Pick 6: Movie Franchises
Recently Updated
NWSL Teams
pecheneg
Women's Final Four Teams by Year
bhenderson79
Presidents Quartet II
eogle
Anything But Clue(do)
eogle
Anything But Oceanian Capitals
eogle
Anything But 7
eogle
Anything But Thing
eogle
Word Ladder: February 29
pecheneg
Song Title Questions
pecheneg
Women's NCAA Tournament #1 Seeds
pecheneg
Trending Topics
Disney
Kpop
Marvel
Anime
Harry Potter
Crossword
NBA
Puzzle
Soccer
WWE
The Office
Pokémon
NFL
Song
Country
Your Account Isn't Verified!
In order to create a playlist on Sporcle, you need to verify the email address you used during registration. Go to your
Sporcle Settings
to finish the process.
Report this User
Report this user for behavior that violates our
Community Guidelines
.
Details:
Send Report
Go to the Sporcle.com Mobile Site →
Comments